Statistiques concernant Football Féminin Age

Cliquez ici pour prendre le quiz!

Statistiques générales

  • Ce quiz a été pris 53 fois
  • Le résultat moyen est 22 sur 36

Statistiques - réponses

Réponse% Correct
1995
93%
1996
90%
1995
85%
1997
85%
1999
85%
1999
85%
1993
80%
2002
78%
2001
76%
1992
73%
1993
73%
1999
71%
1991
61%
1999
61%
1994
59%
2000
59%
2001
59%
2000
56%
1996
54%
1997
54%
1997
51%
1991
49%
1993
49%
1997
49%
1998
49%
1998
49%
1999
49%
1999
49%
2003
49%
1998
46%
1998
46%
1993
44%
1999
44%
1995
41%
2000
41%
1987
34%

Distribution des résultats

Percentile par nombre de réponses

% des personnes avec chaque résultat

Votre développement - résultats

Vous n’avez pas pris ce quiz